| 000 | 00429nam a22001457a 4500 | ||
|---|---|---|---|
| 082 |
_a923.15491 _bJIN _cL-31, P-62 |
||
| 100 |
_aJamil-ud-Din Ahmed _946177 |
||
| 245 |
_aSpeeches and writings of Mr. Jinnah/ _cJamil-ud-Din Ahmed |
||
| 250 | _avolume-2 | ||
| 260 |
_aLahore. _bAshraf press Lahore. _c1947. |
||
| 300 |
_a572p.: _bill,; _c10 cm. |
||
| 526 |
_a0 _b0 _c0 _d923_154910000000000_JIN |
||
| 650 |
_aMCE _9379 |
||
| 942 |
_2ddc _cBK |
||
| 999 |
_c549519 _d549519 |
||